[Event "27th Klatovy B 2019"]
[Site "Klatovy CZE"]
[Date "2019.07.02"]
[Round "4.61"]
[White "Silhavy, Josef"]
[Black "Bukvaj, Martin"]
[Result "0-1"]
[WhiteElo "1448"]
[BlackElo "1220"]
[PlyCount "160"]
[EventDate "2019.06.29"]
[EventType "swiss"]
[EventRounds "9"]
[EventCountry "CZE"]

1. e4 e5 2. Nf3 Nc6 3. Bb5 Bc5 4. O-O Nf6 5. d3 d6 6. c3 O-O 7. h3 h6 8. b4 Bb6 9. Nbd2 Be6 10. Nc4 a5 11. Nxb6 cxb6 12. bxa5 Rxa5 13. a4 Na7 14. c4 Nxb5 15. cxb5 Qc7 16. Bd2 Raa8 17. Rc1 Qe7 18. Re1 Nd7 19. Bb4 Nc5 20. Bxc5 bxc5 21. Ra1 f5 22. Nd2 Rf6 23. f3 Rg6 24. Kh1 f4 25. Rg1 Qh4 26. Qe1 Qe7 27. Kh2 Rf8 28. g4 Rff6 29. Qh4 Rg5 30. Qf2 h5 31. h4 hxg4 32. hxg5 g3+ 33. Rxg3 fxg3+ 34. Qxg3 Rg6 35. Rg1 Qc7 36. f4 exf4 37. Qxf4 Qa5 38. Rg2 Qxa4 39. b6 Qc6 40. Nc4 Bxc4 41. dxc4 Re6 42. Re2 Qxb6 43. Qf5 Re5 44. Qc8+ Kh7 45. Qh3+ Kg6 46. Qg4 Qd8 47. Rg2 Qe7 48. Qf4 Rxe4 49. Qd2 Qe5+ 50. Kg1 Qd4+ 51. Qxd4 Rxd4 52. Rb2 Rxc4 53. Rxb7 Rg4+ 54. Kf2 Rxg5 55. Rb6 Rd5 56. Ke3 Kf5 57. Rb7 Kf6 58. Rb8 Re5+ 59. Kd3 Re7 60. Kc4 Ke6 61. Rb1 g5 62. Re1+ Kf6 63. Rf1+ Kg6 64. Kd5 Rf7 65. Re1 Rf6 66. Re8 g4 67. Rg8+ Kf5 68. Kc4 Kf4 69. Kd3 g3 70. Ke2 Rf5 71. Kf1 Rg5 72. Rf8+ Kg4 73. Kg2 Rf5 74. Rg8+ Kf4 75. Rh8 d5 76. Rh4+ Ke3 77. Kxg3 d4 78. Rh8 d3 79. Re8+ Kd4 80. Kg4 Rf1 0-1

[Event "27th Klatovy B 2019"]
[Site "Klatovy CZE"]
[Date "2019.07.02"]
[Round "4.62"]
[White "Sykora, Vaclav"]
[Black "Krmelova, Tereza"]
[Result "1/2-1/2"]
[WhiteElo "1422"]
[BlackElo "1000"]
[PlyCount "86"]
[EventDate "2019.06.29"]
[EventType "swiss"]
[EventRounds "9"]
[EventCountry "CZE"]

1. c4 e6 2. Nc3 Nf6 3. g3 d5 4. cxd5 exd5 5. d4 c6 6. Bg2 Bb4 7. Bd2 Bxc3 8. Bxc3 O-O 9. Nf3 Ne4 10. Bb4 Re8 11. O-O a5 12. Ba3 b5 13. Bc5 Na6 14. Rc1 Naxc5 15. dxc5 b4 16. Nd2 Bf5 17. Nxe4 Bxe4 18. e3 Bxg2 19. Kxg2 a4 20. b3 a3 21. Qc2 d4 22. Rfd1 Qd5+ 23. f3 Rxe3 24. Qf2 Rae8 25. Rd2 d3 26. Rcd1 Re2 27. Rxe2 Rxe2 28. Qxe2 dxe2 29. Rxd5 cxd5 30. Kf2 e1=Q+ 31. Kxe1 Kf8 32. Kd2 Ke8 33. Kd3 Kd7 34. Kd4 Kc6 35. f4 f6 36. f5 g6 37. fxg6 hxg6 38. h4 f5 39. Kd3 Kxc5 40. Ke3 d4+ 41. Kd2 Kd5 42. Kd3 Kc5 43. Kd2 Kd5 1/2-1/2

[Event "27th Klatovy B 2019"]
[Site "Klatovy CZE"]
[Date "2019.07.02"]
[Round "4.63"]
[White "Devera, Filip"]
[Black "Kratochvil, Milos 1976"]
[Result "0-1"]
[WhiteElo "1253"]
[BlackElo "1528"]
[PlyCount "67"]
[EventDate "2019.06.29"]
[EventType "swiss"]
[EventRounds "9"]
[EventCountry "CZE"]

1. e4 c6 2. d4 d5 3. exd5 cxd5 4. Bd3 Nf6 5. Bg5 Nc6 6. Nf3 Qb6 7. b3 Nxd4 8. Nxd4 e5 9. Nb5 Bc5 10. O-O O-O 11. Nc7 Rb8 12. Bxf6 Qxf6 13. Nxd5 Qh6 14. Nd2 Be6 15. Ne4 Bxd5 16. Nxc5 Qc6 17. Qh5 g6 18. Qxe5 Bxg2 19. Be4 Bxe4 20. Nxe4 f5 21. Ng5 Rbe8 22. Qf4 h6 23. Nh3 Re4 24. Rfe1 Rxf4 25. Nxf4 Qf3 26. Nd3 f4 27. Ne5 Qh5 28. Nd3 Qg4+ 29. Kh1 Qh3 30. Rg1 g5 31. Rae1 Kh7 32. Re7+ Kg6 33. Rge1 Rc8 34. c4 0-1

[Event "27th Klatovy B 2019"]
[Site "Klatovy CZE"]
[Date "2019.07.02"]
[Round "4.64"]
[White "Batek, Tomas"]
[Black "Kasik, Denis"]
[Result "0-1"]
[WhiteElo "1052"]
[BlackElo "1208"]
[PlyCount "80"]
[EventDate "2019.06.29"]
[EventType "swiss"]
[EventRounds "9"]
[EventCountry "CZE"]

1. e4 e5 2. Nf3 Nc6 3. Bc4 Nf6 4. O-O Bc5 5. d4 exd4 6. c3 dxc3 7. Nxc3 Ng4 8. Bxf7+ Kxf7 9. Qd5+ Kf8 10. Qxc5+ d6 11. Qh5 a6 12. Nh4 Nf6 13. Ng6+ Kg8 14. Qe2 hxg6 15. h3 b5 16. Nd5 Rh5 17. Rd1 Nxd5 18. exd5 Nb4 19. Qe4 a5 20. a3 Bf5 21. Qf3 Nc2 22. g4 Nxa1 23. gxh5 Qh4 24. hxg6 Bxg6 25. Kh2 Rf8 26. Qg3 Rxf2+ 27. Qg2 Be4 28. Rg1 Rxg2+ 29. Rxg2 Bxg2 30. Kxg2 Nc2 31. Kf1 Qxh3+ 32. Ke2 Kf7 33. Kd2 g5 34. Kxc2 g4 35. Kd1 g3 36. Be3 g2 37. Ke2 Qh2 38. Ke1 Qg3+ 39. Ke2 Qg4+ 40. Ke1 Qe4 0-1

[Event "27th Klatovy B 2019"]
[Site "Klatovy CZE"]
[Date "2019.07.02"]
[Round "4.65"]
[White "Nechvatalova, Eva"]
[Black "Nova, Anezka"]
[Result "1-0"]
[WhiteElo "1134"]
[BlackElo "1044"]
[PlyCount "149"]
[EventDate "2019.06.29"]
[EventType "swiss"]
[EventRounds "9"]
[EventCountry "CZE"]

1. e4 e5 2. Nf3 Nc6 3. d4 exd4 4. Nxd4 Bc5 5. Nb3 Bb6 6. Qe2 d6 7. Nc3 Nf6 8. Be3 Bxe3 9. Qxe3 O-O 10. O-O-O Bg4 11. f3 Be6 12. Nd5 Nxd5 13. exd5 Bxd5 14. Rxd5 Re8 15. Qf2 Qd7 16. Rd1 Re6 17. Bc4 Re5 18. Nc5 Qc8 19. Nd3 Re7 20. Rhe1 Rd7 21. h4 Qf8 22. Nc5 Rdd8 23. Nb3 Re8 24. Rxe8 Rxe8 25. Re1 Rxe1+ 26. Qxe1 g6 27. Bd5 Ne5 28. f4 Nd7 29. Be4 b6 30. f5 gxf5 31. Qg3+ Kh8 32. Bxf5 Ne5 33. Qf2 Qh6+ 34. Kb1 Qf6 35. Qf1 Nd7 36. Qf3 Nf8 37. Qa8 Kg8 38. Bd3 Qxh4 39. a3 a5 40. Qa7 Ne6 41. Qb8+ Kg7 42. Qb7 h5 43. Qe4 Qh1+ 44. Nc1 h4 45. Qh7+ Kf6 46. Qh6+ Ke7 47. g3 h3 48. Qh4+ Kf8 49. Qh8+ Ke7 50. Qh4+ Ke8 51. Bb5+ Kf8 52. Qh8+ Ke7 53. Qe8+ Kf6 54. Qh8+ Kf5 55. Qh5+ Ng5 56. Bd7+ Kf6 57. Qh6+ Ke7 58. Qxg5+ Kxd7 59. Qf5+ Kc6 60. Qc8 Kc5 61. Qf5+ Kd4 62. Qf4+ Kd5 63. Qxf7+ Ke4 64. Qxc7 Ke3 65. Qxb6+ Kf3 66. Qc6+ Kxg3 67. Qxh1 h2 68. Qe1+ Kg2 69. Qd2+ Kh3 70. Qe3+ Kg2 71. Qe4+ Kg3 72. Ne2+ Kf2 73. Qf4+ Kg2 74. Qg3+ Kh1 75. Qf3# 1-0

[Event "27th Klatovy B 2019"]
[Site "Klatovy CZE"]
[Date "2019.07.02"]
[Round "4.66"]
[White "Day, Sophia Olivia"]
[Black "Batek, Simon"]
[Result "1-0"]
[WhiteElo "1021"]
[BlackElo "1100"]
[PlyCount "71"]
[EventDate "2019.06.29"]
[EventType "swiss"]
[EventRounds "9"]
[EventCountry "CZE"]

1. e4 e5 2. Nf3 Nc6 3. Nc3 Nf6 4. d4 Bb4 5. Bg5 d6 6. Bc4 O-O 7. O-O Bg4 8. Nd5 Ba5 9. Nxf6+ gxf6 10. Bh6 exd4 11. Bxf8 Qxf8 12. Qd3 Bxf3 13. Qxf3 Ne5 14. Qb3 d5 15. Bxd5 Bb4 16. a3 Be7 17. Qg3+ Ng6 18. Bxb7 Rb8 19. Ba6 Rb6 20. Be2 Rxb2 21. Rac1 Bxa3 22. Qxc7 Rb8 23. Ra1 Bd6 24. Qxa7 d3 25. Bxd3 Be5 26. Ra2 Rd8 27. Rb1 Bd4 28. Qc7 Bc3 29. Qxc3 Nf4 30. Qxf6 Nxd3 31. Qg5+ Qg7 32. Qxd8+ Qf8 33. Qxd3 f5 34. exf5 Qh6 35. Qd8+ Kg7 36. Rb7# 1-0

[Event "27th Klatovy B 2019"]
[Site "Klatovy CZE"]
[Date "2019.07.02"]
[Round "4.67"]
[White "Denk, Lukas"]
[Black "Hala, Matej"]
[Result "1-0"]
[WhiteElo "1092"]
[BlackElo "1014"]
[PlyCount "49"]
[EventDate "2019.06.29"]
[EventType "swiss"]
[EventRounds "9"]
[EventCountry "CZE"]

1. g3 d5 2. d4 Nc6 3. Bg2 Nf6 4. Nc3 Bf5 5. a3 e6 6. Nf3 Bd6 7. Nb5 O-O 8. Nxd6 Qxd6 9. Bf4 Qd7 10. h3 Rac8 11. Ne5 Qe8 12. g4 Be4 13. f3 Bg6 14. Nxg6 fxg6 15. h4 Nxd4 16. Qxd4 c5 17. Qd2 e5 18. Bg5 e4 19. Bxf6 Rxf6 20. Qxd5+ Qf7 21. Qxf7+ Rxf7 22. O-O-O c4 23. c3 exf3 24. Bxf3 b5 25. Bd5 1-0

[Event "27th Klatovy B 2019"]
[Site "Klatovy CZE"]
[Date "2019.07.02"]
[Round "4.68"]
[White "Vilasek, Martin"]
[Black "Slechta, Adam"]
[Result "1-0"]
[WhiteElo "1063"]
[BlackElo "1000"]
[PlyCount "27"]
[EventDate "2019.06.29"]
[EventType "swiss"]
[EventRounds "9"]
[EventCountry "CZE"]

1. e4 e5 2. Nf3 Nc6 3. Bc4 Nf6 4. Nc3 Bc5 5. O-O O-O 6. d3 d6 7. Bg5 Bg4 8. Nd5 Re8 9. Nxf6+ gxf6 10. Bh6 Qd7 11. h3 Be6 12. Bxe6 Rxe6 13. Nh4 Nd4 14. Qg4+ 1-0

[Event "27th Klatovy B 2019"]
[Site "Klatovy CZE"]
[Date "2019.07.03"]
[Round "5.1"]
[White "Stanik, Michal"]
[Black "Zak, Jiri1"]
[Result "1-0"]
[WhiteElo "1782"]
[BlackElo "1717"]
[PlyCount "45"]
[EventDate "2019.06.29"]
[EventType "swiss"]
[EventRounds "9"]
[EventCountry "CZE"]

1. e4 d6 2. d4 Nf6 3. Nc3 g6 4. f4 Bg7 5. Nf3 c6 6. e5 Nd5 7. Bd3 Nxc3 8. bxc3 O-O 9. O-O e6 10. Ba3 Re8 11. Bxd6 Bf8 12. Bxf8 Kxf8 13. Ng5 h6 14. Ne4 Kg7 15. g4 Rh8 16. Nd6 Nd7 17. f5 exf5 18. gxf5 Qg5+ 19. Kh1 Nf8 20. Rg1 Qd8 21. Qh5 Bd7 22. f6+ Kh7 23. Nxf7 1-0

[Event "27th Klatovy B 2019"]
[Site "Klatovy CZE"]
[Date "2019.07.03"]
[Round "5.2"]
[White "Kastner, Jan"]
[Black "Rezac, Jindrich"]
[Result "1-0"]
[WhiteElo "1919"]
[BlackElo "1787"]
[PlyCount "55"]
[EventDate "2019.06.29"]
[EventType "swiss"]
[EventRounds "9"]
[EventCountry "CZE"]

1. d4 Nf6 2. Nf3 e6 3. Bg5 Be7 4. e3 b6 5. Bd3 Bb7 6. Nbd2 c5 7. c3 Nc6 8. Qe2 d5 9. Ba6 Qc8 10. Bxb7 Qxb7 11. O-O O-O 12. e4 cxd4 13. e5 d3 14. Qxd3 Ng4 15. Bxe7 Qxe7 16. Rae1 Rad8 17. Nb3 f6 18. exf6 Qxf6 19. h3 Nh6 20. Nbd4 Nxd4 21. Qxd4 Rfe8 22. Re2 Nf5 23. Qa4 e5 24. Rd1 Re7 25. Qb5 Qe6 26. Rxe5 Qf7 27. Rexd5 Rxd5 28. Rxd5 1-0

[Event "27th Klatovy B 2019"]
[Site "Klatovy CZE"]
[Date "2019.07.03"]
[Round "5.3"]
[White "Schille, Hannes"]
[Black "Flajsman, Petr"]
[Result "0-1"]
[WhiteElo "1740"]
[BlackElo "1799"]
[PlyCount "106"]
[EventDate "2019.06.29"]
[EventType "swiss"]
[EventRounds "9"]
[EventCountry "CZE"]

1. d4 Nf6 2. Bf4 g6 3. Nf3 Bg7 4. c4 d6 5. Nc3 O-O 6. e3 Nbd7 7. Bd3 a6 8. O-O Qe8 9. Bg3 e5 10. dxe5 dxe5 11. Bc2 c6 12. h3 Nh5 13. Bh2 f5 14. Qe2 Qe7 15. Rad1 Nb6 16. Bb3 Kh8 17. Qd2 Bf6 18. Qd6 Qxd6 19. Rxd6 e4 20. Nd4 Ng7 21. Nde2 Be7 22. Rd2 Be6 23. Rfd1 Rfe8 24. Bc7 Nxc4 25. Bxc4 Bxc4 26. Nf4 g5 27. b3 gxf4 28. bxc4 fxe3 29. fxe3 Bc5 30. Re2 Rac8 31. Bd6 Ne6 32. Be5+ Kg8 33. Na4 Ba7 34. Kh1 Rcd8 35. Rc1 Rd3 36. c5 Rd5 37. Bd6 Bb8 38. Bxb8 Rxb8 39. Rec2 Rbd8 40. Nb2 Rd2 41. Kg1 Kg7 42. Kf1 Nxc5 43. Ke1 Rxc2 44. Rxc2 Nd3+ 45. Nxd3 exd3 46. Rc3 d2+ 47. Kd1 Kf6 48. Rc2 Ke5 49. Rxd2 Rxd2+ 50. Kxd2 Ke4 51. g4 fxg4 52. hxg4 b5 53. Ke2 a5 0-1

[Event "27th Klatovy B 2019"]
[Site "Klatovy CZE"]
[Date "2019.07.03"]
[Round "5.4"]
[White "Masek, Jan"]
[Black "Soucek, Petr"]
[Result "1-0"]
[WhiteElo "1905"]
[BlackElo "1679"]
[PlyCount "59"]
[EventDate "2019.06.29"]
[EventType "swiss"]
[EventRounds "9"]
[EventCountry "CZE"]

1. e4 e5 2. Nf3 Nc6 3. Bb5 a6 4. Ba4 Nf6 5. O-O b5 6. Bb3 Bc5 7. d3 h6 8. c3 d6 9. h3 O-O 10. Re1 Re8 11. Nbd2 Bb7 12. a4 Rb8 13. Nf1 d5 14. exd5 Nxd5 15. Ng3 Qd7 16. Bc2 Rbd8 17. axb5 axb5 18. Bd2 Bb6 19. Nh4 Re6 20. Qg4 Nf6 21. Qe2 Nd5 22. d4 exd4 23. Qd3 Rxe1+ 24. Rxe1 Nf6 25. Nh5 Ne4 26. Qxe4 d3 27. Bb3 Qd6 28. Qg4 g6 29. Nxg6 Kh7 30. Ne7 1-0

[Event "27th Klatovy B 2019"]
[Site "Klatovy CZE"]
[Date "2019.07.03"]
[Round "5.5"]
[White "Vavrinkova, Anna"]
[Black "Jirasek, Jiri"]
[Result "0-1"]
[WhiteElo "1550"]
[BlackElo "1908"]
[PlyCount "54"]
[EventDate "2019.06.29"]
[EventType "swiss"]
[EventRounds "9"]
[EventCountry "CZE"]

1. e4 e5 2. Nf3 Nf6 3. Nc3 Nc6 4. d4 Bb4 5. Bg5 h6 6. dxe5 hxg5 7. exf6 Qxf6 8. Qd3 g4 9. Nd2 Bxc3 10. Qxc3 Qxc3 11. bxc3 Ne5 12. Nc4 d6 13. Rb1 b6 14. Nxe5 dxe5 15. Bb5+ Ke7 16. Bc6 Rb8 17. Bd5 Rh6 18. O-O Ba6 19. Rfd1 Rbh8 20. h3 gxh3 21. g3 h2+ 22. Kg2 g5 23. f3 g4 24. fxg4 Be2 25. Rh1 Bxg4 26. Rbf1 Bh3+ 27. Kf2 Rf6+ 0-1

[Event "27th Klatovy B 2019"]
[Site "Klatovy CZE"]
[Date "2019.07.03"]
[Round "5.6"]
[White "Pecka, Jan"]
[Black "Zidu, Jan"]
[Result "1/2-1/2"]
[WhiteElo "1537"]
[BlackElo "1852"]
[PlyCount "86"]
[EventDate "2019.06.29"]
[EventType "swiss"]
[EventRounds "9"]
[EventCountry "CZE"]

1. d4 d5 2. Nf3 Nf6 3. c4 e6 4. Bg5 c6 5. e3 Qa5+ 6. Nbd2 Bd6 7. Bd3 Ne4 8. Bh4 Nxd2 9. Nxd2 Nd7 10. O-O Qc7 11. cxd5 exd5 12. Nf3 h6 13. Qc2 O-O 14. Rfc1 Nb6 15. Bg3 Bxg3 16. hxg3 Be6 17. Ne5 Nd7 18. Nxd7 Qxd7 19. b4 a6 20. a4 Rfc8 21. Qb2 Bf5 22. Bxf5 Qxf5 23. Qc2 Qxc2 24. Rxc2 a5 25. Rb1 axb4 26. Rxb4 Ra7 27. Kf1 f5 28. Ke2 Kf7 29. Kd3 Kf6 30. Rc5 Ke6 31. Kc3 Rc7 32. a5 Kd6 33. Rb1 Rc8 34. Kb4 Rb8 35. Rbc1 Rba8 36. Rh1 b6 37. axb6 Rb7 38. Rhc1 Rxb6+ 39. Kc3 Ra2 40. Rc2 Rxc2+ 41. Kxc2 Ra6 42. Kd2 Ra2+ 43. Rc2 Ra6 1/2-1/2

[Event "27th Klatovy B 2019"]
[Site "Klatovy CZE"]
[Date "2019.07.03"]
[Round "5.7"]
[White "Danek, Vaclav"]
[Black "Roskovec, Bedrich"]
[Result "1-0"]
[WhiteElo "1849"]
[BlackElo "1597"]
[PlyCount "63"]
[EventDate "2019.06.29"]
[EventType "swiss"]
[EventRounds "9"]
[EventCountry "CZE"]

1. e4 e6 2. d3 d5 3. Nd2 Nf6 4. Ngf3 c5 5. g3 Nc6 6. Bg2 Be7 7. O-O O-O 8. e5 Nd7 9. Re1 Qc7 10. Qe2 b6 11. Nf1 Ba6 12. Bf4 Rad8 13. h4 Qc8 14. N1h2 c4 15. a3 Bc5 16. Qd1 cxd3 17. cxd3 Qb8 18. b4 Be7 19. Qb3 Bb7 20. d4 Rc8 21. Ng4 Qa8 22. Qd3 Nd8 23. Bh3 Rc4 24. Bg5 f6 25. exf6 Bxf6 26. Nxf6+ gxf6 27. Bh6 Re8 28. Nd2 Rc7 29. Qf3 Nf8 30. Qxf6 Rf7 31. Qg5+ Ng6 32. h5 1-0

[Event "27th Klatovy B 2019"]
[Site "Klatovy CZE"]
[Date "2019.07.03"]
[Round "5.8"]
[White "Vilimek, Vit"]
[Black "Vachal, Josef1"]
[Result "0-1"]
[WhiteElo "1529"]
[BlackElo "1827"]
[PlyCount "94"]
[EventDate "2019.06.29"]
[EventType "swiss"]
[EventRounds "9"]
[EventCountry "CZE"]

1. e4 d5 2. exd5 Nf6 3. c4 c6 4. dxc6 Nxc6 5. d3 e5 6. Nc3 Bf5 7. Bg5 Be7 8. Nf3 e4 9. dxe4 Nxe4 10. Bxe7 Qxe7 11. Nd5 Qc5 12. Nc7+ Kf8 13. Qe2 Qa5+ 14. Nd2 Qxc7 15. O-O-O Nxd2 16. Rxd2 Rd8 17. Rxd8+ Qxd8 18. g4 Qg5+ 19. Qd2 Qxd2+ 20. Kxd2 Bxg4 21. Bg2 g6 22. Re1 Be6 23. b3 Kg7 24. Kc3 Rc8 25. f4 Rc7 26. Rd1 Rd7 27. Re1 a5 28. a3 Kf6 29. Be4 Ke7 30. b4 axb4+ 31. axb4 Kd8 32. b5 Nd4 33. b6 Bf5 34. Bd5 Ne6 35. Ra1 Nxf4 36. Ra8+ Ke7 37. Bh1 Bh3 38. Be4 Bg2 39. Bc2 Bc6 40. Ra7 Ne6 41. Kb4 f5 42. Ba4 Bxa4 43. Kxa4 f4 44. Kb5 f3 45. Ra2 Nd4+ 46. Ka5 Nb3+ 47. Kb5 Nd2 0-1

[Event "27th Klatovy B 2019"]
[Site "Klatovy CZE"]
[Date "2019.07.03"]
[Round "5.9"]
[White "Vanduyfhuys, Igor"]
[Black "Kubat, Zbynek"]
[Result "1-0"]
[WhiteElo "1803"]
[BlackElo "1612"]
[PlyCount "75"]
[EventDate "2019.06.29"]
[EventType "swiss"]
[EventRounds "9"]
[EventCountry "CZE"]

1. e4 e5 2. Nf3 Nc6 3. Bc4 d6 4. Nc3 Be6 5. d3 Bxc4 6. dxc4 Be7 7. O-O Nf6 8. Qe2 Qc8 9. Bg5 h6 10. Be3 Qg4 11. h3 Qe6 12. Rad1 Rd8 13. Rfe1 O-O 14. a3 b6 15. Bc1 Nh7 16. Nd5 Qd7 17. b4 f5 18. b5 Na5 19. Nxe5 dxe5 20. Nf6+ Bxf6 21. Rxd7 Rxd7 22. exf5 Rd4 23. Bd2 Ng5 24. Bc3 Re4 25. Qf1 Rd8 26. Rd1 Rxd1 27. Qxd1 Nf7 28. Qd5 Re2 29. Qd3 Rxc2 30. Qxc2 Nxc4 31. f4 Ncd6 32. fxe5 Nxe5 33. Bxe5 Bxe5 34. Qxc7 Bd4+ 35. Kf1 Nxf5 36. Qc8+ Kh7 37. Qxf5+ Kh8 38. Qd7 1-0

[Event "27th Klatovy B 2019"]
[Site "Klatovy CZE"]
[Date "2019.07.03"]
[Round "5.10"]
[White "Day, Timothy"]
[Black "Chmelik, Ladislav"]
[Result "1-0"]
[WhiteElo "1527"]
[BlackElo "1771"]
[PlyCount "33"]
[EventDate "2019.06.29"]
[EventType "swiss"]
[EventRounds "9"]
[EventCountry "CZE"]

1. e4 c5 2. a3 g6 3. Nc3 Bg7 4. f4 d6 5. Nf3 Nc6 6. Bb5 a6 7. Bxc6+ bxc6 8. O-O Nh6 9. Qe1 O-O 10. Ne2 Qb6 11. Kh1 a5 12. Qh4 Ba6 13. d3 Rae8 14. f5 gxf5 15. Bxh6 fxe4 16. Qg5 Qxb2 17. c3 1-0

[Event "27th Klatovy B 2019"]
[Site "Klatovy CZE"]
[Date "2019.07.03"]
[Round "5.11"]
[White "Langmajer, Jan"]
[Black "Dubnicka, Augustin 2000"]
[Result "1-0"]
[WhiteElo "1514"]
[BlackElo "1754"]
[PlyCount "97"]
[EventDate "2019.06.29"]
[EventType "swiss"]
[EventRounds "9"]
[EventCountry "CZE"]

1. e4 c5 2. Nf3 Nc6 3. d4 cxd4 4. Nxd4 d6 5. Nc3 e5 6. Nde2 f5 7. exf5 Nf6 8. Ng3 Be7 9. Bc4 Nd4 10. Bg5 Nxf5 11. Bxf6 Bxf6 12. Qd5 Nh6 13. Nce4 Be7 14. O-O-O Qc7 15. Bb3 Rf8 16. f3 Nf7 17. Qb5+ Bd7 18. Bxf7+ Rxf7 19. Qd5 Rc8 20. Rd2 Bc6 21. Nxd6+ Bxd6 22. Qxd6 Qxd6 23. Rxd6 Ke7 24. Rhd1 Rf6 25. Rxf6 gxf6 26. Rd3 Ke6 27. Kd2 Rg8 28. Ke3 f5 29. Kf2 Rc8 30. c3 b5 31. Rd2 Bd5 32. Nxf5 Bxa2 33. Nd6 Rb8 34. Ne4 Bb1 35. Rd6+ Kf7 36. Rd7+ Ke6 37. Rxh7 Bxe4 38. fxe4 a5 39. Rh6+ Kd7 40. Ra6 a4 41. h4 Ke7 42. Ke3 Kf7 43. g4 Rg8 44. g5 Rh8 45. Rh6 Rxh6 46. gxh6 Kg6 47. Kf3 Kxh6 48. Kg4 Kg6 49. h5+ 1-0

[Event "27th Klatovy B 2019"]
[Site "Klatovy CZE"]
[Date "2019.07.03"]
[Round "5.12"]
[White "Sedlak, Jakub"]
[Black "Kalab, Jaromir"]
[Result "0-1"]
[WhiteElo "1737"]
[BlackElo "1577"]
[PlyCount "60"]
[EventDate "2019.06.29"]
[EventType "swiss"]
[EventRounds "9"]
[EventCountry "CZE"]

1. e4 e5 2. Nf3 Nc6 3. d4 exd4 4. Bc4 Nf6 5. e5 d5 6. Bb5 Ne4 7. Nxd4 Bc5 8. O-O O-O 9. Nxc6 bxc6 10. Bxc6 Ba6 11. Qxd5 Bxf1 12. Qxe4 Ba6 13. Nc3 Rb8 14. Bf4 Rb4 15. Qf3 Rxb2 16. Na4 Rxc2 17. Nxc5 Rxc5 18. Rd1 Qe7 19. Qa3 Rd8 20. Rxd8+ Qxd8 21. Bf3 Rb5 22. h3 Bb7 23. Be2 Rb1+ 24. Kh2 Qh4 25. Qe3 Rb4 26. g3 Qd8 27. e6 Qd5 28. exf7+ Kxf7 29. f3 Rb2 30. Kg1 Qxa2 0-1

[Event "27th Klatovy B 2019"]
[Site "Klatovy CZE"]
[Date "2019.07.03"]
[Round "5.13"]
[White "Bauer, Jan 2005"]
[Black "Vorsilka, Jiri"]
[Result "1-0"]
[WhiteElo "1721"]
[BlackElo "1568"]
[PlyCount "55"]
[EventDate "2019.06.29"]
[EventType "swiss"]
[EventRounds "9"]
[EventCountry "CZE"]

1. d4 d5 2. Nf3 Nf6 3. e3 e6 4. Bd3 c5 5. c3 Nc6 6. Nbd2 c4 7. Bc2 b5 8. O-O Bb7 9. e4 Be7 10. e5 Nd7 11. Qe2 O-O 12. h3 b4 13. Nh2 Qa5 14. Qh5 g6 15. Qh6 Rfb8 16. Ndf3 Bf8 17. Qe3 b3 18. Bb1 Bg7 19. Ng4 h5 20. Nh6+ Kf8 21. Qf4 Bxh6 22. Qxh6+ Ke8 23. Qh8+ Nf8 24. Bh6 Ke7 25. Qf6+ Ke8 26. Bxf8 Kxf8 27. Bxg6 Qc7 28. Ng5 1-0

[Event "27th Klatovy B 2019"]
[Site "Klatovy CZE"]
[Date "2019.07.03"]
[Round "5.14"]
[White "Durchan, Milan 1961"]
[Black "Zelba, Lukas"]
[Result "0-1"]
[WhiteElo "1713"]
[BlackElo "1274"]
[PlyCount "72"]
[EventDate "2019.06.29"]
[EventType "swiss"]
[EventRounds "9"]
[EventCountry "CZE"]

1. f4 d5 2. Nf3 Bg4 3. e3 Nc6 4. d4 e6 5. Nbd2 Nf6 6. h3 Bf5 7. Bb5 a6 8. Bxc6+ bxc6 9. Nb3 Be7 10. Ne5 Ne4 11. O-O Qd6 12. c4 dxc4 13. Nxc4 Qd5 14. Ncd2 Ng3 15. Rf3 Bh4 16. Nc5 g5 17. Qb3 g4 18. hxg4 Bxg4 19. e4 Qxd4+ 20. Qe3 Ne2+ 21. Kf1 Bxf3 22. Qxd4 Nxd4 23. gxf3 Be7 24. Nd3 h5 25. b4 Nc2 26. Rb1 Rb8 27. a3 f5 28. Bb2 Rg8 29. Rc1 fxe4 30. fxe4 Rd8 31. Rxc2 Rxd3 32. Ke2 Rh3 33. Rxc6 Kd7 34. Rxa6 Rg2+ 35. Kd1 Rd3 36. Bc3 Rxc3 0-1

[Event "27th Klatovy B 2019"]
[Site "Klatovy CZE"]
[Date "2019.07.03"]
[Round "5.15"]
[White "Day, Tobias"]
[Black "Malimanek, Marek"]
[Result "1-0"]
[WhiteElo "1680"]
[BlackElo "1408"]
[PlyCount "111"]
[EventDate "2019.06.29"]
[EventType "swiss"]
[EventRounds "9"]
[EventCountry "CZE"]

1. e4 c6 2. d4 d5 3. Nd2 dxe4 4. Nxe4 Nd7 5. Nf3 Ngf6 6. Nxf6+ Nxf6 7. Bd3 Bg4 8. c3 e6 9. h3 Bxf3 10. Qxf3 Be7 11. O-O O-O 12. Bd2 Qd5 13. Qxd5 Nxd5 14. Rae1 Rfd8 15. f4 Bf8 16. f5 exf5 17. Rxf5 Re8 18. Rfe5 Rxe5 19. Rxe5 f6 20. Re2 Nb6 21. Bf5 g6 22. Be6+ Kg7 23. Bb3 Rd8 24. Bf4 Nd5 25. Bg3 Ne7 26. Be6 Re8 27. Bg4 h5 28. Bf3 Kf7 29. Bh4 Bg7 30. Bf2 Nd5 31. Kf1 a6 32. Rxe8 Kxe8 33. c4 Nb4 34. a3 Nd3 35. b3 Nxf2 36. Kxf2 Kd7 37. b4 b5 38. d5 bxc4 39. dxc6+ Kc7 40. Be2 c3 41. Ke1 Kxc6 42. Bxa6 Bh6 43. Kd1 Bf4 44. Kc2 Be5 45. a4 Kb6 46. Bc4 g5 47. Bd5 f5 48. Bf7 h4 49. Bg6 f4 50. Be4 Bh8 51. Kb3 Bg7 52. a5+ Ka6 53. Ka4 Be5 54. b5+ Ka7 55. b6+ Ka6 56. Bf5 1-0

[Event "27th Klatovy B 2019"]
[Site "Klatovy CZE"]
[Date "2019.07.03"]
[Round "5.16"]
[White "Kovar, Vaclav 1953"]
[Black "Perik, Alois"]
[Result "0-1"]
[WhiteElo "1646"]
[BlackElo "1809"]
[PlyCount "54"]
[EventDate "2019.06.29"]
[EventType "swiss"]
[EventRounds "9"]
[EventCountry "CZE"]

1. d4 d5 2. c4 Nf6 3. Nc3 e6 4. Nf3 a6 5. Bg5 Be7 6. e3 h6 7. Bh4 O-O 8. Bd3 dxc4 9. Bxc4 b5 10. Bb3 Bb7 11. O-O Nbd7 12. Rc1 c5 13. dxc5 Nxc5 14. Bc2 Nd5 15. Bxe7 Qxe7 16. Nxd5 Bxd5 17. Bb1 Rac8 18. Nd4 Qb7 19. f3 Na4 20. Qd3 g6 21. b3 Nc5 22. Qd2 Rfd8 23. e4 Bxb3 24. Qe3 Bc4 25. Rfd1 e5 26. Nc2 Nd3 27. Na3 Nxc1 0-1

[Event "27th Klatovy B 2019"]
[Site "Klatovy CZE"]
[Date "2019.07.03"]
[Round "5.17"]
[White "Stanke, Petr"]
[Black "Benes, Jachym"]
[Result "1/2-1/2"]
[WhiteElo "1463"]
[BlackElo "1653"]
[PlyCount "72"]
[EventDate "2019.06.29"]
[EventType "swiss"]
[EventRounds "9"]
[EventCountry "CZE"]

1. d4 d5 2. c4 e6 3. Nc3 Nf6 4. cxd5 exd5 5. Bg5 Be7 6. e3 O-O 7. Bd3 Nbd7 8. Nf3 Re8 9. Qc2 c6 10. Nd2 Nf8 11. O-O Ng6 12. h3 Nh5 13. Bxe7 Qxe7 14. Bf5 Nh4 15. Bxc8 Raxc8 16. Qd1 Qg5 17. Qg4 Qxg4 18. hxg4 Nf6 19. Nf3 Ng6 20. g5 Nd7 21. Na4 Re4 22. Rac1 Rce8 23. Rfe1 Nh4 24. Nxh4 Rxh4 25. f4 f6 26. gxf6 Nxf6 27. Nc5 Re7 28. Rc3 Ng4 29. e4 dxe4 30. Rxe4 Rxe4 31. Nxe4 Nf6 32. Nxf6+ gxf6 33. g3 Rg4 34. Kf2 Rg7 35. Kf3 Kf7 36. f5 Ke7 1/2-1/2

[Event "27th Klatovy B 2019"]
[Site "Klatovy CZE"]
[Date "2019.07.03"]
[Round "5.18"]
[White "Zednik, Zdenek"]
[Black "Vavrinkova, Jitka"]
[Result "1-0"]
[WhiteElo "1879"]
[BlackElo "1566"]
[PlyCount "79"]
[EventDate "2019.06.29"]
[EventType "swiss"]
[EventRounds "9"]
[EventCountry "CZE"]

1. c4 e5 2. Nc3 Nf6 3. g3 c6 4. Bg2 Bc5 5. e4 O-O 6. Nf3 d6 7. d4 exd4 8. Nxd4 Re8 9. O-O Bg4 10. Qd2 a6 11. a3 Nbd7 12. b4 Bb6 13. h3 Be6 14. Nxe6 Rxe6 15. Qc2 Ne5 16. Ne2 Ng6 17. Bb2 Qe8 18. Bd4 Bc7 19. Nc3 Ne5 20. Qb3 Rb8 21. f4 Ned7 22. Rae1 c5 23. Bf2 Kh8 24. Qd1 b5 25. cxb5 axb5 26. bxc5 Nxc5 27. e5 Nfd7 28. Bd5 Re7 29. Bc6 Ba5 30. Qxd6 Re6 31. Qxc5 Bxc3 32. Bxd7 Qxd7 33. Qxc3 Rh6 34. h4 Rc8 35. Qf3 Qe7 36. Rb1 Rg6 37. Kh2 f6 38. exf6 Rxf6 39. Rxb5 h6 40. Rb7 1-0